000 00669nam a2200217Ii 4500
003 JO-AjNU
008 230606s9999||||xx |||||||||||||| ||und||
020 _a978-0-415-03086-1
040 _aJO-AjNU
_beng
_erda
_cJO-AjNU
041 _aeng
050 1 4 _aP306.B25 2006
100 3 _aBaker,Mona تأليف,
_eauthor
_91954
245 0 0 _aIn other Words a Coursebook On translation
250 _a1 ed
264 3 1 _aLondon:Routledge Taylor&Francis Group,2006
300 _a304p
336 _atext
_btxt
_2rdacontent
337 _aunmediated
_bn
_2rdamedia
338 _avolume
_bnc
_2rdacarrier
650 4 _aTranslation-In other Words a Coursebook On translation
_91955
999 _aE1027
_c1027
_d1027